Women, art and geometry in Southern Africa
Αποθηκεύτηκε σε:
| Κύριος συγγραφέας: | |
|---|---|
| Μορφή: | Βιβλίο |
| Γλώσσα: | English |
| Δημοσίευση: |
Trenton NJ :
Africa World Press,
c1998
|
| Θέματα: | |
| Ετικέτες: |
Προσθήκη ετικέτας
Δεν υπάρχουν, Καταχωρήστε ετικέτα πρώτοι!
|
MARC
| LEADER | 00000nam a2200000 i 4500 | ||
|---|---|---|---|
| 001 | 1/72938 | ||
| 008 | 050309s1998 eng d | ||
| 020 | |a 0-86543-602-9 (pbk) | ||
| 035 | |l 10076960 | ||
| 040 | |a GR-MY-UA |b gre |e aacr | ||
| 041 | 0 | |a eng | |
| 082 | 0 | |a 745.44968 |2 (21) | |
| 100 | 1 | |a Gerdes, Paulus. | |
| 245 | 1 | 0 | |a Women, art and geometry in Southern Africa / |c Paulus Gerdes |
| 260 | |a Trenton NJ : |b Africa World Press, |c c1998 | ||
| 300 | |a xi, 244 σ.; |b εικ.; |c 23 εκ. | ||
| 504 | |a Περιέχει βιβλιογραφικές παραπομπές | ||
| 650 | 0 | 0 | |a Handicraft |z Africa, Southern. |
| 650 | 0 | 0 | |a Decoration and ornament |z Africa, Southern. |
| 650 | 0 | 0 | |a Ethnomathematics |z Africa, Southern. |
| 650 | 0 | 0 | |a Geometry in art. |
| 650 | 0 | 0 | |a Women artisans |z Africa, Southern. |
| 852 | |a INST |b LESVOS |e 20050309 |h 745.44968 GER |p 005100030129 |q 005100030129 |t BK |y 0 | ||
| 901 | |a BIBL1-2005-1 | ||
| 909 | |a Λ |b 113897 | ||
| 920 | |a ΔΙΕΥΡΥΝΣΗ |b ΕΠΕΑΕΚ/ΠΤΕ |y ΛΕΣΒΟΣ |z 2004-10 | ||
| 970 | |z 2005/03/09 | ||